[Event "21st ch-EUR Indiv 2021"]
[Site "Reykjavik ISL"]
[Date "2021.09.02"]
[Round "8.70"]
[White "Halldorsson, Jon Arni"]
[Black "Omarsson, Josef"]
[Result "1-0"]
[WhiteElo "2115"]
[BlackElo "1211"]
[WhiteFideId "2301075"]
[BlackFideId "2316102"]
[EventDate "2021.08.26"]

1. d4 Nf6 2. c4 g6 3. Nc3 Bg7 4. e4 d6 5. Nf3 O-O 6. Be2 c5 7. d5 e6 8. O-O exd5
9. cxd5 Re8 10. Nd2 Nbd7 11. Re1 a6 12. a4 Rb8 13. a5 h5 14. Bf1 Ne5 15. f4 Neg4
16. h3 Nh6 17. Nc4 Nh7 18. Qf3 Qh4 19. Be3 Qe7 20. Rad1 Qc7 21. Bf2 Bd7 22. Kh1
Bb5 23. Nb6 Bxf1 24. Rxf1 Qe7 25. Rfe1 Qc7 26. Nc4 Nf8 27. g4 hxg4 28. hxg4 Kh8
29. Qh3 Qd7 30. Rg1 Kh7 31. Nb6 Qe7 32. g5 Bxc3 33. Qxh6+ Kg8 34. bxc3 Qxe4+ 35.
Rg2 Qc2 36. Rdg1 Qxc3 37. f5 gxf5 38. g6 Qf3 39. gxf7+ Kxf7 40. Qg7# 1-0

[Event "21st ch-EUR Indiv 2021"]
[Site "Reykjavik ISL"]
[Date "2021.09.02"]
[Round "8.72"]
[White "Karlsson, Mikael Johann"]
[Black "Hreinsson, Johann Helgi"]
[Result "1-0"]
[WhiteElo "2067"]
[BlackElo "1195"]
[WhiteFideId "2305194"]
[BlackFideId "2317540"]
[EventDate "2021.08.26"]

1. c4 e5 2. g3 Nf6 3. Bg2 Nc6 4. Nf3 Bc5 5. O-O d6 6. Nc3 a6 7. d3 Be6 8. Bg5 h6
9. Bxf6 Qxf6 10. Ne4 Qe7 11. Nxc5 dxc5 12. Nd2 Qd7 13. Ne4 Qe7 14. Qb3 Rb8 15.
Qa3 Nb4 16. Qc3 O-O 17. Qxe5 b6 18. Nc3 Rfe8 19. Rac1 Qd7 20. Qf4 Rbc8 21. Rfd1
Bh3 22. d4 Bxg2 23. Kxg2 cxd4 24. Rxd4 Qc6+ 25. e4 Qc5 26. Rd7 Rf8 27. a3 Nc6
28. Nd5 a5 29. b4 axb4 30. axb4 Nxb4 31. Ne7+ Kh8 32. Nxc8 Rxc8 33. Qxf7 Qe5 34.
Re7 Qb2 35. Rb1 Qc3 36. Rxb4 Rg8 37. Rb5 Qd4 38. Rbe5 c5 39. R5e6 Qxc4 40. Rxh6+ 1-0

[Event "21st ch-EUR Indiv 2021"]
[Site "Reykjavik ISL"]
[Date "2021.09.02"]
[Round "8.73"]
[White "Agustsson, Hafsteinn"]
[Black "Butenandt, Svenja"]
[Result "0-1"]
[WhiteElo "1803"]
[BlackElo "2036"]
[WhiteFideId "2302047"]
[BlackFideId "12993859"]
[EventDate "2021.08.26"]

1. Nf3 Nf6 2. g3 d5 3. Bg2 e6 4. O-O c5 5. d3 Nc6 6. Nbd2 Be7 7. c3 e5 8. e4 d4
9. Nc4 Qc7 10. a4 Bg4 11. Qc2 Nd7 12. h3 Be6 13. cxd4 cxd4 14. Ng5 Bxg5 15. Bxg5
Nb4 16. Qe2 Nxd3 17. Qxd3 Qxc4 18. Qxc4 Bxc4 19. Rfc1 Be6 20. Rc7 b6 21. Bf1 O-O
22. b4 a5 23. Bb5 Nf6 24. bxa5 bxa5 25. f3 Rfc8 26. Rac1 h6 27. Bd2 Bxh3 28.
Bxa5 Rxa5 29. Rxc8+ Bxc8 30. Rxc8+ Kh7 31. Kf2 g5 32. Rc6 Kg7 33. Ra6 Rxa6 34.
Bxa6 Kf8 35. Bb5 Ke7 36. a5 Kd6 37. Bc4 Kc5 38. a6 Kb6 39. g4 Nd7 40. Bxf7 Kxa6
41. Ke2 Ka5 42. Kd2 Kb4 43. Kc2 Nc5 44. Bd5 Na4 45. Bb7 Nb6 46. Ba6 Nc4 47. Kd3
Ne3 48. Kd2 Kb3 49. Bb5 Nc4+ 50. Kd3 Na3 51. Ba6 Kb2 52. Bb7 Kc1 53. Bd5 Kd1 54.
Bb3+ Ke1 55. Bd1 0-1

[Event "21st ch-EUR Indiv 2021"]
[Site "Reykjavik ISL"]
[Date "2021.09.02"]
[Round "8.75"]
[White "Hjaltason, Elvar Orn"]
[Black "Gudmundsson, Gunnar Erik"]
[Result "1/2-1/2"]
[WhiteElo "1702"]
[BlackElo "1844"]
[WhiteFideId "2315084"]
[BlackFideId "2314339"]
[EventDate "2021.08.26"]

1. e4 e6 2. d4 d5 3. Nd2 dxe4 4. Nxe4 Nd7 5. Nf3 Ngf6 6. Bg5 Be7 7. Nxf6+ Nxf6
8. Bd3 h6 9. Bxf6 Bxf6 10. O-O O-O 11. Qe2 g6 12. Rad1 c5 13. dxc5 Qc7 14. b4 a5
15. a3 Bb2 16. Qe3 axb4 17. axb4 Ra4 18. Qxh6 Rxb4 19. Ng5 f5 20. Qxg6+ Qg7 21.
Qxg7+ Kxg7 22. Rb1 Bc3 23. Rb3 Rxb3 24. cxb3 Bb4 25. Bc4 Re8 26. c6 1/2-1/2

[Event "21st ch-EUR Indiv 2021"]
[Site "Reykjavik ISL"]
[Date "2021.09.02"]
[Round "8.76"]
[White "Haraldsson, Haraldur"]
[Black "Ragnarsson, Heimir Pall"]
[Result "1-0"]
[WhiteElo "1918"]
[BlackElo "1619"]
[WhiteFideId "2311100"]
[BlackFideId "2308860"]
[EventDate "2021.08.26"]

1. d4 Nf6 2. Nf3 g6 3. g3 Bg7 4. Bg2 O-O 5. c4 d6 6. O-O Nbd7 7. Nc3 e5 8. h3
Ne8 9. e4 f5 10. exf5 Rxf5 11. Re1 Nb6 12. g4 Rf8 13. dxe5 Nxc4 14. Bg5 Qd7 15.
e6 Qc6 16. Nd5 Nxb2 17. Qd2 Qa6 18. Bf1 Nc4 19. Bxc4 Qxc4 20. Rac1 Qb5 21. Nh4
c6 22. Ne7+ Kh8 23. Rb1 Qc5 24. Re2 Bc3 25. Qc1 Bf6 26. Nhxg6+ hxg6 27. Bxf6+
Kh7 28. Bc3 Bxe6 29. Rxb7 Rf7 30. Qc2 Ng7 31. Qxg6+ Kh8 32. Qh6# 1-0

[Event "21st ch-EUR Indiv 2021"]
[Site "Reykjavik ISL"]
[Date "2021.09.02"]
[Round "8.77"]
[White "Patt, Zafrir"]
[Black "Acevedo Mendez, Lisseth"]
[Result "1-0"]
[BlackTitle "WIM"]
[WhiteElo "1677"]
[BlackElo "1825"]
[WhiteFideId "2840170"]
[BlackFideId "6502938"]
[EventDate "2021.08.26"]

1. e4 e5 2. Nf3 Nc6 3. Bc4 Bc5 4. c3 Nf6 5. d3 d6 6. O-O O-O 7. a4 a6 8. Nbd2
Ne7 9. Re1 Ng6 10. Nf1 c6 11. d4 Bb6 12. Ng3 Bc7 13. b4 d5 14. Bb3 Re8 15. Qc2
Bg4 16. Nxe5 Nxe5 17. dxe5 Rxe5 18. h3 Bd7 19. Bf4 Rxe4 20. Nxe4 Nxe4 21. Bxc7
Qxc7 22. c4 dxc4 23. Bxc4 Nd6 24. Bd3 g6 25. Rad1 Be6 26. Rd2 Qe7 27. Qd1 Rd8
28. Re3 Qh4 29. Bxg6 hxg6 30. Rxd6 Rxd6 31. Qxd6 Kg7 32. Qe5+ Kh7 33. Re4 Qh5
34. Qd4 g5 35. h4 g4 36. g3 Qg6 37. Kh2 Qg7 38. Re5 Qh6 39. Qc5 Bd5 40. Rg5 Qf6
41. Qc2+ Kh6 42. Rf5 Qg6 43. Qd2+ Kh7 44. Qf4 Qh6 45. Qe5 Qc1 46. Rh5+ Kg6 47.
Rg5+ 1-0

[Event "21st ch-EUR Indiv 2021"]
[Site "Reykjavik ISL"]
[Date "2021.09.02"]
[Round "8.78"]
[White "Jonsson, Olafur Gisli"]
[Black "Omarsson, Adam"]
[Result "1/2-1/2"]
[WhiteElo "1800"]
[BlackElo "1546"]
[WhiteFideId "2302705"]
[BlackFideId "2311453"]
[EventDate "2021.08.26"]

1. d4 Nf6 2. Nf3 g6 3. c4 Bg7 4. Nc3 O-O 5. Bg5 d6 6. e3 c5 7. d5 h6 8. Bh4 g5
9. Bg3 Nh5 10. Qc2 f5 11. Bd3 e6 12. dxe6 Bxe6 13. Nb5 Nxg3 14. hxg3 a6 15. Nc3
Nc6 16. a3 Qf6 17. O-O Qf7 18. Nd5 b5 19. Rad1 bxc4 20. Bxc4 g4 21. Nh4 Ne5 22.
b3 Nxc4 23. bxc4 Rab8 24. Rd3 Rb2 25. Qa4 Qb7 26. Ng6 Bxd5 27. Rxd5 Rf6 28. Qe8+
Kh7 29. Ne7 Bf8 30. Nxf5 Rb1 31. Qe4 Rxf1+ 32. Kxf1 Qb2 33. Kg1 Kh8 34. Qd3 Qc1+
35. Kh2 Qe1 36. Nxd6 Rxf2 37. Qd1 Qxe3 38. Nf5 Qe4 39. Nh4 Be7 40. Rd2 Bxh4 41.
Rxf2 Bxg3+ 42. Kxg3 Qe3+ 43. Rf3 gxf3 44. Qxf3 Qe5+ 45. Qf4 Qc3+ 46. Kg4 Qg7+
47. Kh3 Qd7+ 48. Kh4 Qc6 49. Kh5 Kg7 50. Qe5+ Kf7 51. Qf5+ Kg7 52. Qe5+ 1/2-1/2

[Event "21st ch-EUR Indiv 2021"]
[Site "Reykjavik ISL"]
[Date "2021.09.02"]
[Round "8.80"]
[White "Jonsson, Kristjan Dagur"]
[Black "Gade, Jens"]
[Result "1-0"]
[WhiteElo "1706"]
[BlackElo "1487"]
[WhiteFideId "2313413"]
[BlackFideId "1416111"]
[EventDate "2021.08.26"]

1. d4 d5 2. c4 Nf6 3. Nf3 g6 4. Nc3 Bg7 5. Bf4 c6 6. e3 O-O 7. Bd3 Re8 8. h3
dxc4 9. Bxc4 Bf5 10. Qb3 e6 11. Qxb7 Qb6 12. Qxb6 axb6 13. O-O Nd5 14. Bh2 Nxc3
15. bxc3 Nd7 16. Bb3 e5 17. Ng5 Re7 18. e4 Be6 19. Nxe6 fxe6 20. Rfd1 exd4 21.
Rac1 Nc5 22. cxd4 Nxb3 23. axb3 Rc8 24. d5 exd5 25. exd5 c5 26. d6 Rd7 27. b4 c4
28. Rd5 Bb2 29. Rc2 c3 30. Be5 Kf7 31. f4 Ke6 32. Rd4 b5 33. Kf2 Rc4 34. Ke3
Rxd4 35. Kxd4 1-0

[Event "21st ch-EUR Indiv 2021"]
[Site "Reykjavik ISL"]
[Date "2021.09.02"]
[Round "8.82"]
[White "Heidarsson, Mikael Bjarki"]
[Black "Moller, Tomas"]
[Result "1-0"]
[WhiteElo "1473"]
[BlackElo "1402"]
[WhiteFideId "2317532"]
[BlackFideId "2315343"]
[EventDate "2021.08.26"]

1. d4 d5 2. c4 c6 3. Nf3 Nf6 4. Nc3 Bg4 5. Ne5 e6 6. Nxg4 Nxg4 7. e4 Nf6 8. e5
Ng8 9. cxd5 exd5 10. Bd3 Be7 11. O-O h5 12. f4 Qb6 13. Ne2 Nd7 14. a3 O-O-O 15.
b4 Qc7 16. Bd2 Kb8 17. b5 c5 18. Qa4 b6 19. Rfc1 Qb7 20. dxc5 Nxc5 21. Qc2 Nxd3
22. Qxd3 Bc5+ 23. Nd4 Ne7 24. Be3 Rc8 25. a4 Rc7 26. a5 Rhc8 27. axb6 Bxb6 28.
Rxc7 Rxc7 29. f5 Bxd4 30. Bxd4 Nc8 31. e6 f6 32. h3 Rc4 33. Bf2 h4 34. Rd1 Ne7
35. Bxh4 Nxf5 36. Qxf5 Rxh4 37. Qxd5 Qxd5 38. Rxd5 Re4 39. Rd8+ Kb7 40. Rd7+ Kb6
41. Rxg7 Rxe6 42. h4 f5 43. h5 Kxb5 44. Rg5 a5 45. Rxf5+ Kb4 46. g4 a4 47. Kf2
a3 48. Kg3 Re3+ 49. Kh4 a2 50. Rf1 Rb3 51. Ra1 Ka3 52. h6 Rb1 53. Rxa2+ Kxa2 54.
Kg5 Rb5+ 55. Kg6 Rb6+ 56. Kh5 Rb5+ 57. g5 Kb3 58. h7 Rb8 59. g6 Kc4 60. g7 Rb5+
61. Kg4 Rb1 62. g8=Q+ Kd4 63. h8=Q+ 1-0

[Event "21st ch-EUR Indiv 2021"]
[Site "Reykjavik ISL"]
[Date "2021.09.02"]
[Round "8.83"]
[White "Gudnyjarson, Sigurdur Pall"]
[Black "Kjartansson, Arnar Logi"]
[Result "0-1"]
[WhiteElo "1207"]
[BlackElo "1271"]
[WhiteFideId "2321637"]
[BlackFideId "2318342"]
[EventDate "2021.08.26"]

1. d4 Nf6 2. c4 c5 3. d5 b5 4. cxb5 a6 5. bxa6 Bxa6 6. Nc3 g6 7. e4 Bxf1 8. Kxf1
Bg7 9. g3 O-O 10. Nge2 e6 11. dxe6 fxe6 12. Bg5 Qb6 13. Bxf6 Rxf6 14. Qc2 Nc6
15. Kg2 Ne5 16. Nf4 Raf8 17. Nd1 c4 18. Rf1 Bh6 19. Nh3 Qd4 20. Qc3 Qxe4+ 21.
Kg1 Nf3+ 22. Kh1 Ne1+ 23. f3 Nxf3 24. Nhf2 Qc6 0-1

[Event "21st ch-EUR Indiv 2021"]
[Site "Reykjavik ISL"]
[Date "2021.09.02"]
[Round "8.84"]
[White "Helgadottir, Idunn"]
[Black "Johannsson, Markus Orri"]
[Result "1-0"]
[WhiteElo "1243"]
[BlackElo "1117"]
[WhiteFideId "2314118"]
[BlackFideId "2318539"]
[EventDate "2021.08.26"]

1. d4 Nf6 2. c4 e6 3. Nc3 Bb4 4. Qc2 O-O 5. e4 Bxc3+ 6. bxc3 d6 7. Nf3 b6 8. Bg5
h6 9. Bh4 Nc6 10. e5 dxe5 11. dxe5 g5 12. Bxg5 hxg5 13. exf6 Qxf6 14. Rc1 Rd8
15. Qe4 Na5 16. Qg4 Ba6 17. h4 Bxc4 18. Bxc4 Nxc4 19. Qxc4 gxh4 20. Qg4+ Kf8 21.
Qxh4 Qf5 22. Qg5 Qe4+ 23. Kf1 Qd3+ 24. Kg1 Ke8 25. Rh8+ Kd7 26. Rxd8+ Rxd8 27.
Ne5+ 1-0

[Event "21st ch-EUR Indiv 2021"]
[Site "Reykjavik ISL"]
[Date "2021.09.02"]
[Round "8.85"]
[White "Hallmundarson, Birkir"]
[Black "Briem, Gudrun Fanney"]
[Result "0-1"]
[WhiteElo "1095"]
[BlackElo "1240"]
[WhiteFideId "2319446"]
[BlackFideId "2317486"]
[EventDate "2021.08.26"]

1. Nf3 d5 2. e3 Bf5 3. d4 e6 4. c4 c6 5. cxd5 exd5 6. Bd3 Bg6 7. Na3 Nf6 8. Nc2
Bd6 9. Bd2 Nbd7 10. Bb4 Bxb4+ 11. Nxb4 Qb6 12. Nc2 Bxd3 13. Qxd3 Qxb2 14. O-O
Qb6 15. Rab1 Qc7 16. Rb2 O-O 17. Rfb1 b5 18. Nb4 Nb6 19. Ne5 Nc4 20. Rc2 Ne8 21.
Nexc6 Qd6 22. e4 dxe4 23. Qxe4 Nf6 24. Ne7+ Kh8 25. Qe2 Rae8 26. Nbc6 Na3 27.
Rb3 Nxc2 28. Qxc2 Rxe7 29. Nxe7 Qxe7 30. Rxb5 Qe1# 0-1

[Event "21st ch-EUR Indiv 2021"]
[Site "Reykjavik ISL"]
[Date "2021.09.03"]
[Round "9.2"]
[White "Demchenko, Anton"]
[Black "Romanov, Evgeny"]
[Result "1-0"]
[WhiteTitle "GM"]
[BlackTitle "GM"]
[WhiteElo "2597"]
[BlackElo "2594"]
[WhiteFideId "4160258"]
[BlackFideId "4148843"]
[EventDate "2021.08.26"]

1. e4 c5 2. Nf3 e6 3. d4 cxd4 4. Nxd4 Nf6 5. Nc3 Nc6 6. Ndb5 Bb4 7. a3 Bxc3+ 8.
Nxc3 d5 9. Bd3 dxe4 10. Nxe4 Nxe4 11. Bxe4 Qxd1+ 12. Kxd1 Bd7 13. f3 O-O-O 14.
Be3 Nd4 15. Ke1 Ba4 16. Rd1 e5 17. Kf2 Rhf8 18. g4 Kc7 19. h4 h6 20. Rd3 Bc6 21.
Rhd1 Bxe4 22. fxe4 Nc6 23. Rd5 b6 24. g5 hxg5 25. Bxg5 f6 26. Be3 Ne7 27. Rxd8
Rxd8 28. Rg1 g6 29. Kf3 Rh8 30. Bf2 Kd7 31. c4 Rc8 32. Rc1 Nc6 33. b4 Ke6 34.
Rd1 Rd8 35. Rd5 Rd7 36. Ke2 Ne7 37. Rxd7 Kxd7 38. Kd3 Nc8 39. a4 Kc6 40. b5+ Kc7
41. c5 Kd7 42. Kc4 Ke6 43. Bg1 Kd7 44. Be3 Ke6 45. Bc1 bxc5 46. Kxc5 Kd7 47. Be3
Kc7 48. Bc1 Nd6 49. Kd5 f5 50. Kxe5 fxe4 51. Be3 a6 52. b6+ Kc6 53. Bf2 a5 54.
Kf4 Nf7 55. Kxe4 Kb7 56. Kd5 Nh6 57. Kc5 Ng4 58. Bd4 Nh2 59. Kb5 Nf3 60. Bf2 Ne5
61. Kxa5 Kc6 62. Ka6 1-0

[Event "21st ch-EUR Indiv 2021"]
[Site "Reykjavik ISL"]
[Date "2021.09.03"]
[Round "9.3"]
[White "Mamedov, Nidjat"]
[Black "Sarana, Alexey"]
[Result "1/2-1/2"]
[WhiteTitle "GM"]
[BlackTitle "GM"]
[WhiteElo "2595"]
[BlackElo "2643"]
[WhiteFideId "13400819"]
[BlackFideId "24133795"]
[EventDate "2021.08.26"]

1. e4 c5 2. Nf3 d6 3. c3 Nf6 4. h3 Nc6 5. Bd3 e5 6. O-O g5 7. Bb5 g4 8. hxg4
Bxg4 9. d4 Qb6 10. dxe5 Qxb5 11. exf6 Ne5 12. c4 Qa6 13. Nbd2 Rg8 14. Qb3 O-O-O
15. Re1 h5 16. a4 Bh6 17. Ra3 Qa5 18. Qc3 Qb4 19. Nxe5 dxe5 20. Nf1 Bxc1 21.
Rxc1 Rd4 22. Rb3 Qxc3 23. Rbxc3 Rg6 24. f3 Bh3 25. R3c2 Rd3 26. Kh2 Bd7 27. Rc3
Rxc3 28. Rxc3 Rxf6 29. b3 Rd6 30. Kg3 Kc7 31. Ne3 Rd2 32. a5 Ra2 33. Kh4 Rxa5
34. Kxh5 Ra6 1/2-1/2

[Event "21st ch-EUR Indiv 2021"]
[Site "Reykjavik ISL"]
[Date "2021.09.03"]
[Round "9.4"]
[White "Yilmaz, Mustafa"]
[Black "Piorun, Kacper"]
[Result "1/2-1/2"]
[WhiteTitle "GM"]
[BlackTitle "GM"]
[WhiteElo "2630"]
[BlackElo "2608"]
[WhiteFideId "6302718"]
[BlackFideId "1130420"]
[EventDate "2021.08.26"]

1. d4 Nf6 2. c4 e6 3. Nf3 b6 4. g3 Ba6 5. Nbd2 Bb4 6. Qa4 Qe7 7. a3 Bxd2+ 8.
Bxd2 O-O 9. Bg2 Bb7 10. O-O d6 11. b4 Nbd7 12. Qb3 Be4 13. Rfc1 a5 14. Qe3 h6
15. c5 axb4 16. cxd6 cxd6 17. Bxb4 b5 18. Bf1 Nb6 19. Nd2 Bb7 20. Qe5 dxe5 21.
Bxe7 Rfe8 22. Bxf6 gxf6 23. Rab1 Ra5 24. dxe5 fxe5 25. Rc5 Ba6 26. e3 Rxa3 27.
Bxb5 Bxb5 28. Rbxb5 Nd7 29. Rc7 Rd3 30. Nc4 e4 31. Rbb7 Rd8 32. Kg2 Rd5 33. Ra7
Kg7 34. h3 h5 35. Rab7 Kf6 36. Ra7 Kg7 37. Nb2 Ne5 38. Na4 Rd1 39. Nc5 Rb8 40.
Rab7 Ra8 41. Ra7 Rb8 42. Rab7 Ra8 43. Ra7 1/2-1/2

[Event "21st ch-EUR Indiv 2021"]
[Site "Reykjavik ISL"]
[Date "2021.09.03"]
[Round "9.5"]
[White "Gabuzyan, Hovhannes"]
[Black "Navara, David"]
[Result "1/2-1/2"]
[WhiteTitle "GM"]
[BlackTitle "GM"]
[WhiteElo "2587"]
[BlackElo "2675"]
[WhiteFideId "13303732"]
[BlackFideId "309095"]
[EventDate "2021.08.26"]

1. e4 e5 2. Nf3 Nc6 3. d4 exd4 4. Nxd4 Nf6 5. Nxc6 bxc6 6. Bd3 d5 7. Nc3 Bb4 8.
Bd2 O-O 9. O-O Bxc3 10. Bxc3 dxe4 11. Bc4 Bf5 12. Re1 a5 13. Qd4 Qxd4 14. Bxd4
Nd5 15. a3 Rfd8 16. Rad1 Rd7 17. Bc5 h5 18. h3 Rad8 19. Bb3 g5 20. Ba4 Nb6 21.
Rxd7 Bxd7 22. Rxe4 Bf5 23. Re5 Rd5 24. Rxd5 cxd5 25. Bb3 a4 26. Bxb6 axb3 27.
Be3 g4 28. hxg4 hxg4 29. cxb3 Kf8 30. Kh2 Be4 31. Kg3 f5 32. a4 Ke7 33. b4 c6
34. a5 Bd3 35. Kf4 Kd7 36. b5 cxb5 37. b4 Kc7 38. a6 Kb8 39. g3 1/2-1/2

[Event "21st ch-EUR Indiv 2021"]
[Site "Reykjavik ISL"]
[Date "2021.09.03"]
[Round "9.6"]
[White "Sargissian, Gabriel"]
[Black "Erdos, Viktor"]
[Result "1/2-1/2"]
[WhiteTitle "GM"]
[BlackTitle "GM"]
[WhiteElo "2682"]
[BlackElo "2614"]
[WhiteFideId "13300881"]
[BlackFideId "719978"]
[EventDate "2021.08.26"]

1. Nf3 Nf6 2. c4 g6 3. Nc3 d5 4. cxd5 Nxd5 5. h4 Bg7 6. e4 Nxc3 7. dxc3 Qxd1+ 8.
Kxd1 Nd7 9. h5 Nc5 10. h6 Bf8 11. Nd2 e5 12. b4 Ne6 13. Nc4 f6 14. a4 Bd7 15.
Kc2 a5 16. b5 Bc5 1/2-1/2

[Event "21st ch-EUR Indiv 2021"]
[Site "Reykjavik ISL"]
[Date "2021.09.03"]
[Round "9.7"]
[White "Nisipeanu, Liviu-Dieter"]
[Black "Pantsulaia, Levan"]
[Result "1/2-1/2"]
[WhiteTitle "GM"]
[BlackTitle "GM"]
[WhiteElo "2671"]
[BlackElo "2564"]
[WhiteFideId "1202758"]
[BlackFideId "13602071"]
[EventDate "2021.08.26"]

1. e4 c6 2. d4 d5 3. e5 Bf5 4. Nf3 e6 5. Be2 Nd7 6. O-O Ne7 7. Nbd2 h6 8. Nb3 g5
9. a4 a5 10. Ne1 Qc7 11. Nd3 Ng6 12. Be3 Be7 13. Rc1 f6 14. Bh5 O-O-O 15. exf6
Bxf6 16. Ndc5 Nxc5 17. Nxc5 Nf8 18. c4 Kb8 19. cxd5 Rxd5 20. Bf3 Rd6 21. Qb3 Ka8
22. Rc4 Nd7 23. Rfc1 Nxc5 24. Rxc5 g4 25. Be2 Bxd4 26. Bxd4 Rxd4 27. Qc3 Rhd8
28. Rxa5+ Kb8 29. Rc5 Qf4 30. b3 Rd2 31. Qe5+ Qxe5 32. Rxe5 Rb2 33. Re3 Rdd2 34.
Re1 Kc7 35. h3 gxh3 36. g4 Bh7 37. Kh2 Bg8 38. Kxh3 e5 39. Rxe5 Rxb3+ 40. Kh4
Bd5 41. Kh5 Kd6 42. Re3 Rxe3 43. fxe3 Ra2 44. Bd3 Rxa4 45. e4 Bf7+ 46. Kxh6 Ke5
47. Rb1 b5 48. Bxb5 cxb5 49. Rxb5+ Kxe4 50. g5 Ra6+ 51. Kg7 Be8 52. Rb8 Bh5 53.
Rb4+ Kf5 54. Rb5+ Kf4 55. Rb4+ Kxg5 56. Rb5+ Kh4 57. Rb4+ Bg4 58. Rb5 Kg3 59.
Kf7 Kf4 60. Rb4+ Kg5 61. Ke7 Bf5 62. Rb5 Rc6 63. Rd5 Rb6 64. Rc5 Rb2 65. Kd6 Kf6
66. Kd5 Rd2+ 67. Kc4 Be4 68. Kc3 Rd1 69. Kc4 Ke6 70. Rh5 Bf5 71. Rh8 Ke5 72.
Re8+ Be6+ 73. Kc3 Rd6 74. Rh8 Rc6+ 75. Kd3 Bf5+ 76. Ke3 Bg6 77. Rb8 Rc3+ 78. Kd2
Rd3+ 79. Ke2 Kf4 80. Rf8+ Ke4 81. Rh8 Bf5 82. Rh4+ Ke5 83. Rb4 Be4 84. Rb8 Ra3
85. Kd2 Kf4 86. Rf8+ Bf5 87. Rd8 Ra2+ 88. Kc3 Rc2+ 89. Kb3 Rc7 90. Re8 Be4 91.
Kb4 Ke3 92. Rd8 Bf5 93. Rd6 Ke4 94. Rd1 Ke5 95. Rd2 Be4 96. Rd1 1/2-1/2

[Event "21st ch-EUR Indiv 2021"]
[Site "Reykjavik ISL"]
[Date "2021.09.03"]
[Round "9.8"]
[White "Grandelius, Nils"]
[Black "Ivic, Velimir"]
[Result "1/2-1/2"]
[WhiteTitle "GM"]
[BlackTitle "GM"]
[WhiteElo "2666"]
[BlackElo "2571"]
[WhiteFideId "1710400"]
[BlackFideId "950122"]
[EventDate "2021.08.26"]

1. d4 Nf6 2. Nf3 d5 3. Bf4 c5 4. e3 e6 5. Nbd2 Bd6 6. Bb5+ Nc6 7. Bg3 O-O 8. c3
Bxg3 9. hxg3 Qb6 10. Qa4 a6 11. Bxc6 bxc6 12. Qa3 Rb8 13. b3 Nd7 14. Rc1 a5 15.
O-O Ba6 16. Rfe1 Bd3 17. c4 cxd4 18. exd4 Qb4 19. Qxb4 axb4 20. cxd5 cxd5 21.
Rc7 Bb5 22. Rec1 f6 23. Ne1 Rfd8 24. Nc2 Bd3 25. Ne1 Bb5 26. Nc2 Bd3 27. Ne1 Bb5 1/2-1/2

[Event "21st ch-EUR Indiv 2021"]
[Site "Reykjavik ISL"]
[Date "2021.09.03"]
[Round "9.9"]
[White "Fridman, Daniel"]
[Black "Saric, Ivan"]
[Result "1-0"]
[WhiteTitle "GM"]
[BlackTitle "GM"]
[WhiteElo "2621"]
[BlackElo "2653"]
[WhiteFideId "11600454"]
[BlackFideId "14508150"]
[EventDate "2021.08.26"]

1. Nf3 Nf6 2. d4 g6 3. g3 d5 4. Bg2 Bg7 5. c4 c6 6. cxd5 cxd5 7. Nc3 O-O 8. Ne5
b6 9. O-O Bb7 10. Bf4 Nc6 11. Rc1 Rc8 12. Qa4 a6 13. Nxc6 Rxc6 14. Nb1 Qa8 15.
Qb4 a5 16. Qxe7 Re8 17. Qa3 Rxe2 18. Nc3 Re8 19. Nb5 Ba6 20. Nc7 Rxc7 21. Rxc7
Bxf1 22. Bxf1 Qd8 23. Bb5 Re1+ 24. Kg2 Nh5 25. Qc3 Nxf4+ 26. gxf4 Bf8 27. Rc8
Qe7 28. Re8 Qxe8 29. Bxe8 Rxe8 30. Qc6 Re6 31. Qxd5 Rf6 32. f5 gxf5 33. Kf3 Kg7
34. Ke2 Bd6 35. h3 f4 36. Qf3 h6 37. Kd3 Bf8 38. Kc4 Kg8 39. Kb5 Bg7 40. Qa8+
Bf8 41. Qg2+ Bg7 42. Qd5 Bf8 43. Qe5 Kg7 44. f3 Bd6 45. Qe4 Re6 46. Qb7 Bb4 47.
Qc7 Rf6 48. a3 Bf8 49. Qc1 Kg8 50. Qc2 Bg7 51. Qe4 Rd6 52. Qe8+ Kh7 53. Qxf7
Rxd4 54. Kxb6 a4 55. Kc5 Rd2 56. Qxf4 Rc2+ 57. Kd5 Rxb2 58. Qxa4 1-0

[Event "21st ch-EUR Indiv 2021"]
[Site "Reykjavik ISL"]
[Date "2021.09.03"]
[Round "9.10"]
[White "Deac, Bogdan-Daniel"]
[Black "Van Foreest, Lucas"]
[Result "1-0"]
[WhiteTitle "GM"]
[BlackTitle "GM"]
[WhiteElo "2639"]
[BlackElo "2544"]
[WhiteFideId "1226380"]
[BlackFideId "1039792"]
[EventDate "2021.08.26"]

1. d4 Nf6 2. c4 e6 3. Nf3 d5 4. g3 Be7 5. Bg2 O-O 6. O-O dxc4 7. Qc2 a6 8. a4
Bd7 9. Qxc4 Bc6 10. Be3 a5 11. Nc3 Na6 12. Rac1 h6 13. Rfd1 Nb4 14. Ne5 Bxg2 15.
Kxg2 c6 16. Qb3 Re8 17. Nf3 Rc8 18. Bd2 Qb6 19. Na2 Qa6 20. Nxb4 axb4 21. e3 Ra8
22. Ra1 Qa5 23. Ne5 Reb8 24. f3 Nd5 25. e4 Nb6 26. Qc2 Rd8 27. Be3 Nd7 28. Nc4
Qa6 29. b3 b5 30. axb5 Qxb5 31. Bf2 Ra6 32. Rxa6 Qxa6 33. d5 cxd5 34. exd5 exd5
35. Rxd5 Nf6 36. Rxd8+ Bxd8 37. Bc5 Qb7 38. Qe2 Qb5 39. Qe5 Qd7 40. Qb8 Kh7 41.
Qxb4 Qd3 42. Bf2 Nd5 43. Qd2 Qxd2 44. Nxd2 Be7 45. Nc4 f5 46. Ne3 Nxe3+ 47. Bxe3
Kg6 48. g4 Bb4 49. Bd4 fxg4 50. fxg4 Kf7 51. h4 g6 52. h5 gxh5 53. gxh5 Ke6 54.
Kf3 Kf5 55. Be3 Bf8 56. Bf4 Kf6 57. Ke4 Ke6 58. Be3 Kf6 59. Bd2 Ke6 60. b4 1-0

[Event "21st ch-EUR Indiv 2021"]
[Site "Reykjavik ISL"]
[Date "2021.09.03"]
[Round "9.11"]
[White "Huschenbeth, Niclas"]
[Black "Lagarde, Maxime"]
[Result "1/2-1/2"]
[WhiteTitle "GM"]
[BlackTitle "GM"]
[WhiteElo "2592"]
[BlackElo "2631"]
[WhiteFideId "24604747"]
[BlackFideId "662399"]
[EventDate "2021.08.26"]

1. e4 c5 2. Nf3 Nc6 3. d4 cxd4 4. Nxd4 Nf6 5. Nc3 e5 6. Ndb5 d6 7. Bg5 a6 8. Na3
b5 9. Nab1 Ne7 10. Bxf6 gxf6 11. Bd3 b4 12. Ne2 f5 13. exf5 d5 14. c3 Nxf5 15.
Ng3 Nxg3 16. hxg3 e4 17. Bc2 Bg7 18. Ba4+ Kf8 19. Bc6 Rb8 20. Qxd5 Qxd5 21. Bxd5
f5 22. Nd2 Ke7 23. Rc1 bxc3 24. bxc3 a5 25. Rh5 Rd8 26. Bb3 Kf6 27. g4 Kg6 28.
Rh1 a4 29. Bxa4 Rb2 30. gxf5+ Bxf5 31. Nc4 Rxa2 32. Bb3 Bxc3+ 33. Kf1 Ra1 34.
Rxa1 Bxa1 35. Ne3 Bc8 36. Bc2 Bb7 37. Rh4 Ba6+ 38. Kg1 Bd3 39. Rg4+ Kf6 40. Rf4+
Ke5 41. Rf5+ Kd4 42. Rf7 Kc3 43. Rxh7 Kd2 44. Ra7 Bd4 45. Ra2 Ke1 46. g3 Bxe3
47. fxe3 Rf8 48. Bb3 Rf3 49. Kh2 Rxe3 50. Bd5 Rf3 51. Ra3 Rf2+ 52. Kh3 Re2 53.
g4 Kf2 54. g5 Rd2 55. Bxe4 Bxe4 56. Kg4 Bg6 57. Kf4 Re2 58. Rf3+ Kg2 59. Re3
Rf2+ 60. Kg4 Ra2 61. Rg3+ Kf2 62. Rf3+ Ke2 63. Rf6 Ra4+ 64. Rf4 Ra1 65. Rf6 Rg1+
66. Kf4 Bd3 67. Re6+ Kd2 68. Rd6 Rf1+ 69. Kg4 Ke3 70. g6 Rg1+ 71. Kh5 Kf4 72.
Kh6 Bf5 73. Kg7 Kg5 74. Kf7 Kh6 75. g7+ Kh7 76. g8=Q+ Rxg8 77. Rh6+ Kxh6 78.
Kxg8 1/2-1/2